Statistics for The Chase Funniest Questions #1

Click here to take the quiz!

General Stats

  • This quiz has been taken 2,622 times
  • The average score is 6 of 15

Answer Stats

QuestionAnswer% Correct
Pussy and crack are varieties of which tree?Willow
61%
British rapper Tyrone Lindo is better known by what stage name?Big Narstie
57%
Which of these is a Welsh slang term for a microwave?Popty-ping
48%
Henry II had a jester called Roland whose job was to do what on Christmas Day?Pass wind
42%
Which of these is a hill in the Black Mountains of WalesLord Hereford's Knob
40%
In what sport does Fanny Chmelar compete for Germany?Skiing
40%
What is the name of Al Gore's wife of more than 40 years?Tipper
39%
What is the cartoon character Andy Capp known as in Germany?Willi Wakker
38%
Which of these represented the Seychelles in the 800m at the 2012 World Indoor Athletics Championships?Gaylord Silly
37%
What was the name of the section of the River Cherwell in Oxford formerly reserved for nude male bathing?Parson's Pleasure
34%
Nineteenth century composer William Crotch was also famous as a player of what instrument?Organ
33%
Dump, floater, and wipe are terms used in which team sport?Volleyball
31%
In what part of Wales is Llanfairpwllgwyngyllgogerychwyrndrobwllllantysiliogogogoch?Anglesey
30%
In 2017, what snack food company released the men's fragrance 'Porc'?Peperami
30%
Which of these is a real tit?Caspian tit
29%

Score Distribution

Percentile by Number Answered

Percent of People with Each Score

Your Score History

You have not taken this quiz